BIBLIOTECA “JULIO CORTÁZAR”
ESCUELA AGROTÉCNICA “LIBERTADOR GENERAL SAN MARTÍN” - UNR – CASILDA

Logo Escuela Logo UNR

La vida amorosa de los animales / (Record no. 584)

MARC details
000 -LEADER
campo de control de longitud fija 01008nam#a22003735a#4500
001 - NÚMERO DE CONTROL
campo de control 584
008 - DATOS DE LONGITUD FIJA--INFORMACIÓN GENERAL
campo de control de longitud fija 070813s1984####sp#a###g|a####|01#0#spa|#
020 ## - NÚMERO INTERNACIONAL ESTÁNDAR DEL LIBRO
Número Internacional Estándar del Libro 9503700590
080 ## - NÚMERO DE LA CLASIFICACIÓN DECIMAL UNIVERSAL
Número de la Clasificación Decimal Universal 636
084 ## - OTRO NÚMERO DE CLASIFICACIÓN
Número de clasificación D79
040 ## - FUENTE DE CATALOGACIÓN
Centro catalogador/agencia de origen AR-ClEAG
Centro/agencia transcriptor AR-ClEAG
005 - FECHA Y HORA DE LA ÚLTIMA TRANSACCIÓN
campo de control 20241107184640.0
003 - IDENTIFICADOR DE NÚMERO DE CONTROL
campo de control AR-ClEAG
100 1# - ENTRADA PRINCIPAL--NOMBRE DE PERSONA
Nombre de persona Dröscher, Vitus B.
245 13 - MENCIÓN DEL TÍTULO
Título La vida amorosa de los animales /
Mención de responsabilidad, etc. Vitus B. Dröscher.
250 ## - MENCION DE EDICION
Mención de edición 1ª ed.
260 ## - PUBLICACIÓN, DISTRIBUCIÓN, ETC.
Lugar de publicación, distribución, etc. Barcelona :
Nombre del editor, distribuidor, etc. Planeta,
Fecha de publicación, distribución, etc. 1984.
300 ## - DESCRIPCIÓN FÍSICA
Extensión 249 p. ;
Dimensiones 23 cm.
490 0# - MENCIÓN DE SERIE
Mención de serie Al filo del tiempo
653 ## - TÉRMINO DE INDIZACIÓN--NO CONTROLADO
Término no controlado Reproducción
653 ## - TÉRMINO DE INDIZACIÓN--NO CONTROLADO
Término no controlado Invención del macho
653 ## - TÉRMINO DE INDIZACIÓN--NO CONTROLADO
Término no controlado Reconocimiento de parejas
653 ## - TÉRMINO DE INDIZACIÓN--NO CONTROLADO
Término no controlado Instinto de relación
653 ## - TÉRMINO DE INDIZACIÓN--NO CONTROLADO
Término no controlado Comportamiento programado
653 ## - TÉRMINO DE INDIZACIÓN--NO CONTROLADO
Término no controlado Pruebas de control de la naturaleza
653 ## - TÉRMINO DE INDIZACIÓN--NO CONTROLADO
Término no controlado Instinto
653 ## - TÉRMINO DE INDIZACIÓN--NO CONTROLADO
Término no controlado Canibalismo
653 ## - TÉRMINO DE INDIZACIÓN--NO CONTROLADO
Término no controlado Formas de matrimonio
653 ## - TÉRMINO DE INDIZACIÓN--NO CONTROLADO
Término no controlado Matrimonio estable
653 ## - TÉRMINO DE INDIZACIÓN--NO CONTROLADO
Término no controlado Del animalal hombre
653 ## - TÉRMINO DE INDIZACIÓN--NO CONTROLADO
Término no controlado Matrimonio monogámico
653 ## - TÉRMINO DE INDIZACIÓN--NO CONTROLADO
Término no controlado Cortejo comunal
942 ## - ELEMENTOS DE ENTRADA SECUNDARIOS (KOHA)
Tipo de ítem Koha Libros
980 ## - EQUIVALENCIA O REFERENCIA-CRUZADA-MENCIÓN DE SERIE--NOMBRE DE PERSONA/TÍTULO [LOCAL, CANADÁ]
Enlace 2
Nombre de persona Evangelina Gallicchio
Enlace entre campo y número de secuencia 2
Información miscelánea Evangelina Gallicchio
Holdings
Estatus retirado Estado de pérdida Fuente del sistema de clasificación o colocación Estado de daño No para préstamo Biblioteca de origen Biblioteca actual Fecha de adquisición Número de inventario Total de préstamos Signatura topográfica completa Código de barras Visto por última vez Precio de reemplazo Tipo de ítem Koha
    Clasificación decimal universal     Julio Cortázar Julio Cortázar 07/11/2024 2331   R20 D79 Ej.1 2331 07/11/2024 07/11/2024 Libros

Contacto

Biblioteca Julio Cortázar. Escuela Agrotécnica "Libertador San Martín". Universidad Nacional de Rosario
Dirección: Ov. Lagos 1000 - 2170 Casilda - Santa Fe - Argentina
Tel: (54) (03464) 422226.
Fax: (54) (03464) 427789.
E-Mail: biblio-eac@unr.edu.ar